| 000 | 00623cam a22001935a 4500 | ||
|---|---|---|---|
| 001 | ##J100647 | ||
| 008 | 000000s1898 000 0 eng u | ||
| 035 | _a(Sirsi) u100647 | ||
| 041 | 0 | _aeng | |
| 050 | 0 | 4 | _a942.273 $ 222 |
| 110 | 2 |
_aSurveyors' Institution _93783 |
|
| 245 | 0 | 0 | _aVisit of the Institution to Manchester, 21st April 1898 |
| 260 |
_a[S.l.] _b[s.n.] _c1898 |
||
| 300 |
_a4p. _c18cm. |
||
| 520 | _aPamphlet outlining the itinerary and principal objects of interest during the Institution work visit to Manchester. | ||
| 651 | 4 |
_aGreat Britain _y1707- |
|
| 690 | _aRICS SERVICES-RICS EVENTS | ||
| 942 | _n0 | ||
| 999 |
_c99733 _d99733 |
||